| 000 | 00626nam a22002177a 4500 | ||
|---|---|---|---|
| 003 | UA-OsUOA | ||
| 001 | 131754 | ||
| 007 | ta | ||
| 008 | 20180615b un ||||| |||| 00| 0 ukr d | ||
| 090 |
_a26/28(470+571) _bХ93 |
||
| 942 | _cBK | ||
| 040 |
_aUA-OsUOA _brus _cUA-OsUOA _dUA-OsUOA |
||
| 245 |
_aХристианство и Русь _bсборник статей _cотв. ред. И. Григулевич |
||
| 300 | _a136 с. | ||
| 955 | _a1 | ||
| 041 | _arus | ||
| 080 | _a26/28(470+571) | ||
| 260 |
_aМ. _bНаука _c1988 |
||
| 650 | 7 |
_a26 Християнська Церква загалом _2UDC |
|
| 999 |
_c420172 _d420172 |
||